[Event "Basingstoke 4NCL Spring Bank op-A 1st"]
[Site "Basingstoke"]
[Date "2018.05.27"]
[Round "5"]
[White "Ortiz Sanchez, Luis"]
[Black "Dunn, Alan M"]
[Result "0-1"]
[WhiteElo "1953"]
[BlackElo "2028"]
[PlyCount "54"]
[EventDate "2018.05.25"]
[EventType "swiss"]
[EventRounds "7"]
[EventCountry "ENG"]
[SourceTitle "CBM 184 Extra"]
[Source "ChessBase"]
[SourceDate "2018.06.28"]
[SourceVersion "1"]
[SourceVersionDate "2018.06.28"]
[SourceQuality "1"]

1. e4 c5 2. Nc3 Nc6 3. a3 g6 4. Bc4 Bg7 5. Ba2 e6 6. d3 Nge7 7. h4 h5 8. Bg5 a6 9. Qd2 b5 10. Rb1 b4 11. Nce2 a5 12. a4 d5 13. exd5 exd5 14. Nf3 0-0 15. Bh6 Bg4 16. Bxg7 Kxg7 17. Ng5 Bxe2 18. Qxe2 Nf5 19. Qd2 Re8+ 20. Kf1 Ncd4 21. Re1 Qd7 22. Qd1 Rxe1+ 23. Qxe1 Re8 24. Qd1 Qxa4 25. Bxd5 Nxc2 26. b3 Qa2 27. Be4 Nce3+ 0-1

[Event "Coulsdon Xmas"]
[Site "Coulsdon"]
[Date "2005.12.16"]
[Round "8"]
[White "Dunn, Alan M"]
[Black "Snape, Ian L"]
[Result "1-0"]
[WhiteElo "2076"]
[BlackElo "2258"]
[PlyCount "83"]
[EventDate "2005.12.12"]
[EventType "tourn"]
[EventRounds "9"]
[EventCountry "ENG"]
[EventCategory "3"]
[SourceTitle "EXT 2007"]
[Source "ChessBase"]
[SourceDate "2006.11.23"]
[SourceVersion "1"]
[SourceVersionDate "2006.11.23"]
[SourceQuality "1"]

1. e4 c5 2. Nf3 d6 3. d4 cxd4 4. Nxd4 Nf6 5. Nc3 g6 6. f3 Bg7 7. Be3 0-0 8. Qd2 Nc6 9. Bc4 Bd7 10. 0-0-0 Rb8 11. Bh6 Bxh6 12. Qxh6 b5 13. Bb3 Na5 14. Nd5 e6 15. Nxf6+ Qxf6 16. h4 Qg7 17. Qg5 Rfe8 18. h5 Qe5 19. Qh6 g5 20. Ne2 Nc4 21. c3 Bc6 22. Rh3 Kh8 23. Rg3 Rg8 24. Bxc4 bxc4 25. Rxd6 Bb5 26. Rd4 f6 27. Rg4 a5 28. g3 Rbf8 29. f4 gxf4 30. gxf4 Qc7 31. Rxg8+ Kxg8 32. Rd1 Qf7 33. Nd4 Bd7 34. Nf3 Bc6 35. Re1 Kh8 36. Nh4 Rd8 37. Ng6+ Kg8 38. Rg1 Qc7 39. Ne7+ Kf7 40. Qxh7+ Ke8 41. Rg8+ Kd7 42. Rxd8+ 1-0

[Event "Coulsdon Xmas"]
[Site "Coulsdon"]
[Date "2005.12.15"]
[Round "7"]
[White "McNab, Colin Anderson"]
[Black "Dunn, Alan M"]
[Result "1-0"]
[WhiteElo "2476"]
[BlackElo "2076"]
[PlyCount "143"]
[EventDate "2005.12.12"]
[EventType "tourn"]
[EventRounds "9"]
[EventCountry "ENG"]
[EventCategory "3"]
[SourceTitle "EXT 2007"]
[Source "ChessBase"]
[SourceDate "2006.11.23"]
[SourceVersion "1"]
[SourceVersionDate "2006.11.23"]
[SourceQuality "1"]

1. c4 Nf6 2. Nf3 d6 3. g3 g6 4. d4 Bg7 5. Bg2 0-0 6. 0-0 Nbd7 7. Qc2 c6 8. Rd1 Re8 9. Nc3 e5 10. e4 exd4 11. Nxd4 Qe7 12. b3 Nc5 13. f3 a5 14. Bb2 h5 15. h3 Nh7 16. Nde2 Ng5 17. h4 Nge6 18. Rd2 Bh6 19. f4 Rd8 20. Re1 Nf8 21. Nd4 Nce6 22. Nf5 gxf5 23. exf5 Bxf4 24. gxf4 Qxh4 25. Rf1 Nc5 26. Nd5 Nh7 27. Qc3 f6 28. Nxf6+ Nxf6 29. Qxf6 Qxf6 30. Bxf6 Re8 31. Bf3 Bxf5 32. Bxh5 Re3 33. Rg2+ Kf8 34. Bg7+ Ke7 35. Bd4 Rd3 36. Rg7+ Ke6 37. Re1+ Ne4 38. Bf7+ Ke7 39. Bd5+ Kf8 40. Rg8+ Ke7 41. Rg7+ Kf8 42. Rf7+ Kg8 43. Rxf5+ cxd5 44. Rxd5 Re8 45. Bf2 Rf3 46. Rf5 Kg7 47. Bh4 Kg6 48. Rg5+ Kh6 49. Rxa5 Rh3 50. Bg5+ Kg6 51. Re2 Kh5 52. Be7+ Kg4 53. Rxe4 Kf3 54. Rd4 Rg3+ 55. Kf1 Rxe7 56. Rd3+ Kxf4 57. Rxg3 Kxg3 58. Rd5 Re6 59. Rb5 Re7 60. Rb6 Rd7 61. Ke2 Kf4 62. Rb5 Ke4 63. Rd5 Rh7 64. Kd2 Rh2+ 65. Kc3 Rxa2 66. Rxd6 Ra8 67. Re6+ Kf5 68. Rb6 Ra7 69. Kd4 Kf4 70. b4 Kf5 71. b5 Kf4 72. Rf6+ 1-0

[Event "Coulsdon Xmas"]
[Site "Coulsdon"]
[Date "2005.12.14"]
[Round "5"]
[White "Rendle, Thomas E"]
[Black "Dunn, Alan M"]
[Result "1/2-1/2"]
[WhiteElo "2332"]
[BlackElo "2076"]
[PlyCount "140"]
[EventDate "2005.12.12"]
[EventType "tourn"]
[EventRounds "9"]
[EventCountry "ENG"]
[EventCategory "3"]
[SourceTitle "EXT 2007"]
[Source "ChessBase"]
[SourceDate "2006.11.23"]
[SourceVersion "1"]
[SourceVersionDate "2006.11.23"]
[SourceQuality "1"]

1. e4 c5 2. Nf3 d6 3. c3 Nf6 4. Be2 Nc6 5. d4 e5 6. dxe5 dxe5 7. Qxd8+ Nxd8 8. Nxe5 Nxe4 9. 0-0 Bd6 10. Nc4 Be7 11. Bf3 Nf6 12. a4 0-0 13. Be3 Ne6 14. Nba3 a6 15. a5 Rb8 16. Rfd1 Bd7 17. Nb6 Bc6 18. Nac4 Rfd8 19. Bxc6 bxc6 20. Na4 Rb5 21. Rxd8+ Bxd8 22. Nd6 Rb8 23. Nc4 Rb5 24. f3 Nd5 25. Bf2 Bc7 26. g3 g6 27. Ra3 f5 28. Nd2 Nf6 29. c4 Rb8 30. Rd3 Bxa5 31. Nb3 Bc7 32. Nbxc5 Nxc5 33. Bxc5 Re8 34. Kf2 Rd8 35. Ke2 Rxd3 36. Kxd3 Nd7 37. f4 Kf7 38. Be3 Ke6 39. b4 Bd6 40. c5 Bc7 41. Nc3 Nf6 42. Kc4 Kd7 43. Bd4 Ng4 44. h3 Nh6 45. Ne2 Nf7 46. Be3 Nd8 47. Bd4 Ne6 48. Bf6 Ke8 49. Be5 Bd8 50. g4 Kf7 51. Bd6 Ke8 52. gxf5 gxf5 53. Ng3 Ng7 54. Be5 Bh4 55. Nf1 Ne6 56. Kb3 Kf7 57. Ne3 Kg6 58. Ng2 Bd8 59. Ka4 a5 60. bxa5 Nxc5+ 61. Kb4 Nd3+ 62. Kc4 Nxe5+ 63. fxe5 Bxa5 64. Kc5 Bc7 65. e6 Kf6 66. Kxc6 Kxe6 67. Kxc7 Ke5 68. Kd7 f4 69. Ne1 Ke4 70. Ke6 f3 1/2-1/2

[Event "Coulsdon Xmas"]
[Site "Coulsdon"]
[Date "2005.12.13"]
[Round "2"]
[White "Dunn, Alan M"]
[Black "Tavoularis, Nicholas"]
[Result "1/2-1/2"]
[WhiteElo "2076"]
[BlackElo "2211"]
[PlyCount "116"]
[EventDate "2005.12.12"]
[EventType "tourn"]
[EventRounds "9"]
[EventCountry "ENG"]
[EventCategory "3"]
[SourceTitle "EXT 2007"]
[Source "ChessBase"]
[SourceDate "2006.11.23"]
[SourceVersion "1"]
[SourceVersionDate "2006.11.23"]
[SourceQuality "1"]

1. e4 c5 2. Nf3 d6 3. d4 cxd4 4. Nxd4 Nf6 5. Nc3 g6 6. Be3 Bg7 7. f3 Nc6 8. Qd2 0-0 9. Bc4 Na5 10. Be2 d5 11. e5 Nd7 12. f4 Nb6 13. b3 f6 14. exf6 exf6 15. 0-0 Nc6 16. Bf3 Re8 17. Rad1 Nxd4 18. Bxd4 Bf5 19. Qf2 Qc7 20. Nxd5 Nxd5 21. Bxd5+ Kh8 22. c4 Be4 23. Bxe4 Rxe4 24. Bxa7 f5 25. Bd4 Rae8 26. Bxg7+ Kxg7 27. Rd2 R8e7 28. g3 Qa5 29. Rfd1 Kh6 30. Rc1 Re3 31. Rcc2 Re1+ 32. Kg2 Qc7 33. Re2 Qc6+ 34. Kh3 R1xe2 35. Rxe2 Re4 36. Rxe4 fxe4 37. Qe3 b5 38. cxb5 Qc2 39. b6 Qd3 40. Qxd3 exd3 41. b7 d2 42. b8Q d1Q 43. Qf8+ Kh5 44. Qc5+ Kh6 45. Kh4 Kg7 46. Qe7+ Kg8 47. g4 Qd2 48. Kg5 Qxh2 49. f5 Qd2+ 50. Kf6 Qd4+ 51. Qe5 Qd8+ 52. Ke6 Qe8+ 53. Kd6 Qb8+ 54. Kd5 Qb5+ 55. Kd4 Qb4+ 56. Kd3 Qxg4 57. Qe6+ Kf8 58. Qc8+ Kf7 1/2-1/2